00389 2200145 4500001002100000005001500021035002000036245007500056100002300131300002600154260002900180082000800209084001400217990001200231INLIS00000000000293520250917092755 a0010-09250002821 aDirektori 100 Perguruan Tinggi di Indonesia 2016 /cAlbertus Krisna P.0 aAlbertus Krisna P. a520 hlm ;c15 x 23 cm aJakarta :bKompas,c2016 a000 a000 ALB d a0755698